000 01968nam0a2200397 4500
001 RU\NLR\bibl\128438
005 20260407062445.0
010 _a5-93828-002-8
_9300
021 _aRU
_b2000-40069
_91839
035 _a(NLR Aleph) 000125830
090 _a717662
_c717662
100 _a20001204d2000 |||y0rusy50 ca
101 0 _arus
102 _aRU
105 _aa |||||||||
200 1 _aНаследники уральских рудознатцев
_eСб. ст. о юных геологах
_fКом. природ. ресурсов по Челяб. обл., Гл. упр. образования Администрации Челяб. обл.. Обл. центр доп. образования детей
_g[Ред. совет: Пащенко В. К. (пред.) и др.]
210 _aЧелябинск
_cНТЦ-НИИОГР
_d2000
215 _a48,[2] с., [2] л. ил.
_cил.
_d20
300 _aНа тит. л.: К 300-летию горно-геол. службы России и 40-летию юнош. геол. движения Челяб. обл.
606 0 _aЮношеское геологическое движение
_jСборники
_xИстория
_yСССР
_92191344
_3RU\NLR\auth\661317271
606 0 _aЮные геологи
_jСборники
_yРоссийская Федерация
_92191345
_3RU\NLR\auth\661317272
610 0 _aЮные геологи
610 0 _aУрал, геология
675 _a550.8(470.55)
_v3
_zrus
686 _a38.57
_2rugasnti
686 _a26.34
_2rubbk
686 _aД3г(2)я43
702 1 _aПащенко
_gВиталий Кириллович
_4340
712 0 2 _4570
_aЧелябинский областной комитет природных ресурсов
_3RU\NLR\AUTH\8810029675
_9557925
801 0 _aRU
_bRKP
_c20001204
_gPSBO
801 1 _aRU
_bRKP
_c20001204
801 2 _aRU
_bNLR
_c20010201
_grcr
852 _aNLR
_j2000-4/8936
942 _cBOOK
980 _aNB